Statistiques concernant Les préfectures des 8 départements de la région Bourgogne-Franche Comté

Cliquez ici pour prendre le quiz!

Statistiques générales

  • Ce quiz a été pris 139 fois
  • Le résultat moyen est 7 sur 8

Statistiques - réponses

DépartementPréfecture% Correct
21Dijon
99%
90Belfort
94%
25Besançon
93%
89Auxerre
90%
58Nevers
89%
71Mâcon
84%
39Lons-le-Saunier
73%
70Vesoul
73%

Distribution des résultats

Percentile par nombre de réponses

% des personnes avec chaque résultat

Votre développement - résultats

Vous n’avez pas pris ce quiz